Представление документа в формате RUSMARC

ПолеНазваниеЗначение
  Тип записи a
  Библиографический уровень m
001 Контрольный номер RU/IS/BASE/273684607
005 Дата корректировки 20230221150606.6
010 Индекс ISBN __
a ISBN 978-5-16-002219-2
d Цена 329-00; 441-43
101 Язык документа 0_
a Язык текста rus
c Язык оригинала rus
200 Заглавие и сведения об ответственности 1_
a Заглавие Социальная антропология
e Сведения, относящиеся к заглавию учеб. пособие для студентов вузов, обучающихся по направлению подготовки и специальности "социальная работа"
f Первые сведения об ответственности В. И. Добреньков, А. И. Кравченко ; Моск. гос. ун-т им. М. В. Ломоносов
b Общее обозначение материала Текст
210 Выходные данные 1_
a Место издания М.
c Издательство ИНФРА-М
d Дата издания 2008
215 Физическое описание __
a Объем 687, [1] с.
225 Серия 2_
a Серия Классический университетский учебник
320 Библиография __
a Библиография Лит.: с. 675-687 (315 назв.)
330 Аннотация __
a Аннотация Базовые знания социальной и культурной антропологии с учетом мирового опыта, а так же вузовского стандарта образования. Место антропологии в системе научного знания, предмет, объект и методы исследования, теория и эмпирические данные антропогенеза и социогенеза, типология ранних обществ и исторические этапы развития традиционного общества.
606 Тематические рубрики __
a Основная рубрика Социология
606 Тематические рубрики __
a Основная рубрика Социология групп
610 Ключевые слова 0_
a Ключевые слова социальная антропология; археология; культурная антропология; юридическая антропология; историческая антропология; антропологическая лингвистика; психологическая антропология; экономическая антропология; прикладная антропология; экологическая антропология; инвайроментальная антропология; бизнес-антропология; антропозоология; киберантропология; визуальная антропология; педагогическая антропология; религиозная антропология; этнология; этносоциология; этнография; крестьяноведение; этнография детства; некросоциология; методология; методология антропологии; антропологические исследования; методы исследований; методы эмпирических исследований; эмпирические исследования; антропосоциогенез; происхождение человека; происхождение общества; биологическая эволюция; культурная эволюция; антропогенез; австралопитеки; неандертальцы; кроманьонцы; филогенез; онтогенез; креационизм; эволюционизм; теория Ламарка; теория Дарвина; трудовая теория Энгельса; синтетическая теория эволюции; теория двух скачков; космизм; теория моноцентризма; теория полицентризма; общества социальных животных; морфогенез; социогенез; социальные животные; социальность; эвосциальность; животные; тандемы; гаремы; половой диморфизм; иерархия; вожачество; социальная структура; биологические сообщества; человеческое стадо; традиционное общество; тотемизм; типология общества; эволюция общества; общества охотников; охотники; собиратели; родоплеменной строй; вождество; социополитическая эволюция; неолитическая революция; скотоводство; кочевничество; аборигены; общественное разделение труда
686 Индексы других классификаций __
a Классификационный индекс 60.54я73
700 Автор _1
a Фамилия Добреньков
b Имя В. И.
g Полное личное имя Владимир Иванович
4 Код отношения 070
702 Вторичная интеллектуальная ответственность _1
a Фамилия Кравченко
b Имя А. И.
4 Код отношения Автор
g Полное личное имя Альберт Иванович
801 Источник записи _0
a Страна RU
b Организация Муниципальное бюджетное учреждение культуры "Централизованная библиотечная система" г. Сургут (Центральная городская библиотека им. А. С. Пушкина)
g Правила каталогизации КиК/Елгина
801 Источник записи _1
a Страна RU
b Организация Муниципальное бюджетное учреждение культуры "Централизованная библиотечная система" г. Сургут (Центральная городская библиотека им. А. С. Пушкина)
g Правила каталогизации КиК/Елгина
852 Данные о местонахождении __
j Шифр хранения 60.54я73
c Каталожный индекс 60.54я73
i Авторский знак Д 55
901 Тип документа __
t Тип документа m
903 Характеристики (МАРС) __
a Дата передачи 20081031; 20080904
969 Тип издания __
a Тип издания учебное пособие
990 Данные о заказе (DOS) __
j Количество экземпляров (DOS) 3; 3
t N записи в КСУ для И/У (DOS) 200811; 200809